Introducción a la dirección de empresas
Saved in:
| Hovedforfatter: | |
|---|---|
| Format: | Bog |
| Sprog: | spansk |
| Udgivet: |
Piura
Publicaciones Universidad de Piura
1992
|
| Serier: | Colección biblioteca de temas empresariales
|
| Fag: | |
| Tags: |
Tilføj Tag
Ingen Tags, Vær først til at tagge denne postø!
|
MARC
| LEADER | 00000nam a2200000 a 4500 | ||
|---|---|---|---|
| 001 | UCY2787 | ||
| 003 | CL-VaPUC | ||
| 008 | 941121e19920000PE |||||||||||||||||spa|d | ||
| 082 | 0 | 4 | |a 658.4 |b PER |2 21 |
| 100 | 0 | |a Pérez López, Juan Antonio |e author |9 330912 | |
| 245 | 1 | 0 | |a Introducción a la dirección de empresas |
| 300 | |a v | ||
| 942 | |c BK | ||
| 945 | |d 19941121 00:00:00 |a mfernand | ||
| 260 | |a Piura |b Publicaciones Universidad de Piura |c 1992 | ||
| 500 | |a v.1: La empresa: organización humana | ||
| 650 | 0 | |a Administración de empresas |9 260833 | |
| 650 | 0 | |a Organización |9 256369 | |
| 583 | |a last modification |c 19941121 00:00:00 |k Rodrigo Vera | ||
| 490 | 0 | |a Colección biblioteca de temas empresariales | |
| 999 | |c 231107 |d 231105 | ||
| 952 | |0 0 |1 0 |4 0 |6 658_400000000000000_PER_1992 |7 0 |8 A |9 233941 |a BIBENE |b BIBENE |d 2019-11-15 |h v.1 |i 3037843 |o 658.4 PER 1992 |p 3037843 |r 2025-01-15 |w 2019-11-15 |y BK |k ICO | ||